000 00678nam a22002177a 4500
003 OSt
005 20260127051523.0
008 260127b |||||||| |||| 00| 0 eng d
020 _a971-513-182-4.
040 _aDWC-Main lib.
_cOC
082 _21st ed.
_aCirc. 616.7 Un61o 2005
100 _aUntalan, Aaron "Cy" Tuesca
245 _aOrthopedic and bulalo nursing/
_cAaron "Cy" Tuesca Untalan
260 _aManila :
_bEducational Publishing House,
_cc2005.
300 _axxvi, 269 p. :
_billustration ;
_c23 cm.
504 _aInclude references.
650 _a1. Nursing.
650 _a2. Orthopedics.
760 _b1st ed.
942 _2ddc
_cBK-CIRC
_e1st ed.
_hCirc.
_n0
999 _c7862
_d7862